000 00957nam a2200325 a 4500
003 AR-BaBNM
005 20251128203651.0
008 082120s2002 ||||||||||||||000 | spa||
040 _cAR-BaBNM
100 1 _aNuñez, Jorge H.
245 0 0 _aPaleomagnetismo con rocas sedimentarias de la Isla James Ross, Antártida Argentina
260 _aBuenos Aires
_bDirección Nacional del Antártico
_c1983
300 _a10 p.
_bgráfs., mapas, tablas
490 0 _aInstituto Antártico Argentino
_vv. 302
504 _aBibliografía p. 5
650 4 _aREGIONES POLARES
650 4 _aZONAS CLIMATICAS
650 4 _aOCEANOGRAFIA
650 4 _aEXPEDICIONES CIENTIFICAS
650 4 _aEXPLORACION OCEANICA
650 4 _aINVESTIGACION CIENTIFICA
650 4 _aEXPLORACION DE RECURSOS
650 4 _aGEOLOGIA
650 4 _aMETODOS
651 4 _aAntártida
700 1 _aVilas, Juan F.
700 1 _aDíaz, Trinidad
942 _cBK
998 _cmariana
999 _c4398
_d4398